[Event "InventiChess GM"]
[Site "Antwerp BEL"]
[Date "2008.08.23"]
[Round "1"]
[White "Van der Stricht, G."]
[Black "Bu Xiangzhi"]
[Result "0-1"]
[WhiteElo "2426"]
[BlackElo "2710"]
[PlyCount "118"]
[EventDate "2008.08.23"]

1. d4 Nf6 2. c4 e6 3. Nc3 Bb4 4. e3 O-O 5. Bd3 d5 6. Nf3 c5 7. O-O Nc6 8. a3
Bxc3 9. bxc3 Qc7 10. cxd5 exd5 11. Nh4 Ne7 12. Ra2 Re8 13. Qe1 Ng6 14. f3 Bd7
15. g4 Nf4 16. Qg3 Ne6 17. Nf5 Qxg3+ 18. hxg3 Ba4 19. Nd6 Re7 20. Rb2 Bc6 21.
Nf5 Rc7 22. Bd2 g6 23. Nh4 Ne8 24. Ng2 Nd6 25. Nf4 Nxf4 26. gxf4 Bd7 27. Re1
Re8 28. Kf2 f5 29. g5 Ba4 30. Reb1 Kf7 31. Rh1 Kg8 32. Rhb1 c4 33. Bf1 Bb3 34.
Ra1 Kf7 35. Be2 Ke6 36. Rh1 Ree7 37. Ra1 Rc6 38. Bc1 Ra6 39. Bf1 Nb5 40. Rxb3
cxb3 41. Bxb5 Rb6 42. a4 a6 43. Ba3 axb5 44. Bxe7 bxa4 45. Ba3 b2 46. Rb1 Rb3
47. Bf8 b5 48. Ke2 b4 49. Bxb4 Rxb4 50. cxb4 a3 51. Kd2 a2 52. Kc2 a1=Q 53.
Rxb2 Qa4+ 54. Kd2 Qa3 55. Rb1 Qa2+ 56. Kc1 Kd7 57. b5 Kc7 58. b6+ Kb7 59. Rb2
Qa3 0-1

[Event "InventiChess GM"]
[Site "Antwerp BEL"]
[Date "2008.08.23"]
[Round "1"]
[White "Gyimesi, Z."]
[Black "Schebler, G."]
[Result "1/2-1/2"]
[WhiteElo "2586"]
[BlackElo "2453"]
[PlyCount "61"]
[EventDate "2008.08.23"]

1. d4 e6 2. c4 Bb4+ 3. Bd2 Bxd2+ 4. Qxd2 Nf6 5. Nf3 O-O 6. g3 d5 7. Bg2 Nbd7 8.
O-O dxc4 9. Na3 e5 10. Nxc4 e4 11. Nfe5 Nb6 12. Rad1 Nxc4 13. Nxc4 Be6 14. Qc2
Re8 15. Ne3 c6 16. Rd2 Qa5 17. a3 Rad8 18. Rc1 h6 19. Qc3 Qb6 20. Qc5 Rd7 21.
Qxb6 axb6 22. Nc4 b5 23. Nb6 Rd6 24. Rc5 Nd5 25. Nxd5 Bxd5 26. Rc3 Rde6 27. Kf1
Kf8 28. Bh3 R6e7 29. Bg2 Re6 30. Bh3 R6e7 31. Bg2 1/2-1/2

[Event "InventiChess GM"]
[Site "Antwerp BEL"]
[Date "2008.08.24"]
[Round "2"]
[White "Bu Xiangzhi"]
[Black "Gyimesi, Z."]
[Result "1-0"]
[WhiteElo "2710"]
[BlackElo "2586"]
[PlyCount "87"]
[EventDate "2008.08.23"]

1. d4 Nf6 2. c4 e6 3. Nc3 Bb4 4. Qc2 d5 5. a3 Bxc3+ 6. Qxc3 Ne4 7. Qc2 c5 8.
dxc5 Nc6 9. e3 Qa5+ 10. Bd2 Nxd2 11. Qxd2 dxc4 12. Bxc4 Qxc5 13. Rc1 O-O 14.
Nf3 Rd8 15. Bd3 Qb6 16. O-O Bd7 17. Rfd1 Be8 18. Qc2 h6 19. Bh7+ Kh8 20. Be4
Rxd1+ 21. Rxd1 Rd8 22. Rxd8 Qxd8 23. h3 Kg8 24. b4 Qb6 25. Nd2 Ne7 26. Nb3 Bc6
27. Bh7+ Kf8 28. Bd3 Ba4 29. Qc4 Bxb3 30. Qxb3 Qc6 31. Be2 b6 32. Qd3 Qc1+ 33.
Kh2 Qc7+ 34. g3 Nf5 35. Bf3 Ke7 36. Kg2 a5 37. h4 axb4 38. axb4 Qe5 39. Qa3 Kf6
40. h5 g5 41. hxg6 Kxg6 42. Qa7 h5 43. Qxb6 h4 44. Qc5 1-0

[Event "InventiChess GM"]
[Site "Antwerp BEL"]
[Date "2008.08.24"]
[Round "2"]
[White "Werle, J."]
[Black "Van der Stricht, G."]
[Result "1-0"]
[WhiteElo "2591"]
[BlackElo "2426"]
[PlyCount "97"]
[EventDate "2008.08.23"]

1. d4 Nf6 2. c4 e6 3. Nf3 d5 4. Nc3 Be7 5. Bg5 O-O 6. e3 h6 7. Bh4 b6 8. Bd3
Bb7 9. O-O Nbd7 10. Qe2 Ne4 11. Bg3 Bd6 12. cxd5 exd5 13. Bxd6 Nxc3 14. Qc2
cxd6 15. Qxc3 Nf6 16. Rfc1 Qd7 17. Qa3 g6 18. Ba6 Bxa6 19. Qxa6 Rac8 20. Ne1
Rc7 21. Rxc7 Qxc7 22. Qe2 Rc8 23. f3 Re8 24. Qd2 Qe7 25. Kf2 Rc8 26. a4 Rc4 27.
a5 Qc7 28. axb6 axb6 29. Ke2 Kg7 30. Kd1 Qd7 31. Nd3 Qb5 32. Ra3 Qe8 33. Nf4
Qb5 34. Ne2 Ra4 35. Qd3 Qa5 36. Qb3 Rxa3 37. bxa3 Qa6 38. Ke1 Qb7 39. Qb5 Qc7
40. Kd2 Qa7 41. a4 Kf8 42. Nc3 Ke7 43. Qc6 Qa5 44. Qc7+ Ke6 45. Qd8 Qb4 46. Kc2
Qa5 47. Kb3 Qa7 48. Nb5 Qe7 49. Nc7+ 1-0

[Event "InventiChess GM"]
[Site "Antwerp BEL"]
[Date "2008.08.24"]
[Round "2"]
[White "Schebler, G."]
[Black "Michiels, B."]
[Result "1-0"]
[WhiteElo "2453"]
[BlackElo "2442"]
[PlyCount "131"]
[EventDate "2008.08.23"]

1. Nf3 c5 2. c4 Nf6 3. Nc3 b6 4. e3 e6 5. d4 cxd4 6. exd4 d6 7. Bd3 Be7 8. O-O
O-O 9. a3 Nbd7 10. Re1 Re8 11. b4 Bb7 12. Bb2 Bf8 13. d5 e5 14. Ng5 g6 15. Qf3
h6 16. Nge4 Nxe4 17. Qxe4 f5 18. Qe3 Bg7 19. Qg3 Kh7 20. Bf1 Nf6 21. f3 Rc8 22.
Qf2 Ba6 23. b5 Bb7 24. Na2 e4 25. Nb4 Qc7 26. Nc6 e3 27. Qc2 Qf7 28. a4 a5 29.
Ba3 Nd7 30. Rad1 Nc5 31. Bd3 Qf6 32. f4 Qc3 33. Bxc5 bxc5 34. Re2 Qxc2 35. Rxc2
Ra8 36. Kf1 Kg8 37. Ke2 Kf7 38. Rf1 Bd4 39. Rf3 h5 40. Rc1 Rg8 41. Rd1 Bf6 42.
Rxe3 Rge8 43. Rxe8 Rxe8+ 44. Kd2 Bd8 45. g3 Bc7 46. h3 Bc8 47. Rg1 Rh8 48. Be2
Bd7 49. Bf3 Kf6 50. Ke2 Bb6 51. Kf2 Kf7 52. Rg2 Kf6 53. Kf1 Kf7 54. Kg1 Kf6 55.
Kf2 Rh7 56. Bd1 Rh8 57. Rg1 Kf7 58. g4 hxg4 59. hxg4 Rh2+ 60. Kg3 Rd2 61. Re1
Kf8 62. gxf5 gxf5 63. Bh5 Rc2 64. Nb8 Rc3+ 65. Kg2 Rc2+ 66. Kg1 1-0

[Event "InventiChess GM"]
[Site "Antwerp BEL"]
[Date "2008.08.25"]
[Round "3"]
[White "Miroshnichenko, E."]
[Black "Schebler, G."]
[Result "1-0"]
[WhiteElo "2593"]
[BlackElo "2453"]
[PlyCount "101"]
[EventDate "2008.08.23"]

1. d4 e6 2. Nf3 Nf6 3. c4 Bb4+ 4. Nbd2 b6 5. a3 Bxd2+ 6. Qxd2 Bb7 7. e3 O-O 8.
Be2 d6 9. O-O Nbd7 10. b4 a5 11. Bb2 axb4 12. axb4 Qe7 13. Rxa8 Rxa8 14. Ra1
Qf8 15. Qc1 Rxa1 16. Qxa1 Qa8 17. Qxa8+ Bxa8 18. Ne1 Kf8 19. f3 c5 20. Nc2 e5
21. d5 cxb4 22. Nxb4 Nc5 23. g4 h6 24. f4 exf4 25. exf4 Bb7 26. Kf2 Bc8 27. h3
h5 28. Bxf6 gxf6 29. gxh5 Bxh3 30. Nc6 Bd7 31. Ke3 Kg7 32. Nd4 Kh6 33. Bf3 Na6
34. Ne2 Nc5 35. Ng3 Bc8 36. Bd1 Bd7 37. Bc2 Bg4 38. Kd4 Bd7 39. Kc3 Bg4 40. Bf5
Bxf5 41. Nxf5+ Kxh5 42. Nxd6 Kg4 43. f5 Kf4 44. Kb4 Ke5 45. Nc8 Kxf5 46. Nxb6
Ne4 47. Nd7 Kg5 48. c5 f5 49. c6 f4 50. c7 Nd6 51. Kc5 1-0

[Event "InventiChess GM"]
[Site "Antwerp BEL"]
[Date "2008.08.25"]
[Round "3"]
[White "Michiels, B."]
[Black "Bu Xiangzhi"]
[Result "0-1"]
[WhiteElo "2442"]
[BlackElo "2710"]
[PlyCount "68"]
[EventDate "2008.08.23"]

1. e4 c5 2. Nf3 d6 3. d4 cxd4 4. Nxd4 Nf6 5. Nc3 a6 6. Bc4 e6 7. O-O b5 8. Bb3
Be7 9. Qf3 Qc7 10. Qg3 O-O 11. Bh6 Ne8 12. Rad1 Bd7 13. f4 Nc6 14. Nxc6 Bxc6
15. f5 Kh8 16. f6 gxh6 17. fxe7 Qxe7 18. Qf2 Ng7 19. Qb6 Rfc8 20. a3 a5 21. Kh1
h5 22. Rd3 Qa7 23. Qxa7 Rxa7 24. Rxd6 b4 25. axb4 axb4 26. Ne2 Bxe4 27. Rd4 Ba8
28. Rxb4 Nf5 29. Kg1 Ne3 30. Rc1 Nxg2 31. Kf2 Ra5 32. Rf1 Re5 33. h3 Rg8 34.
Nd4 Nf4 0-1

[Event "InventiChess GM"]
[Site "Antwerp BEL"]
[Date "2008.08.25"]
[Round "3"]
[White "Gyimesi, Z."]
[Black "Werle, J."]
[Result "1-0"]
[WhiteElo "2586"]
[BlackElo "2591"]
[PlyCount "109"]
[EventDate "2008.08.23"]

1. d4 Nf6 2. c4 e6 3. Nc3 Bb4 4. f3 d5 5. a3 Bxc3+ 6. bxc3 c5 7. cxd5 Nxd5 8.
dxc5 Qa5 9. e4 Nf6 10. Be3 Nfd7 11. Rb1 O-O 12. Kf2 Na6 13. Bxa6 Qxa6 14. Qd6
Qxa3 15. Ne2 a5 16. Ra1 Qb3 17. Rhd1 Qc4 18. Qc7 a4 19. Ra3 Qb5 20. Raa1 a3 21.
Rdb1 Qa4 22. Qg3 f6 23. Qd6 Ne5 24. Ra2 Qc4 25. Rba1 Qb3 26. Qb6 Qa4 27. Bc1
Nd3+ 28. Ke3 Ne5 29. Kf2 Nd3+ 30. Ke3 Ne5 31. Qb4 Qd7 32. Rxa3 Rxa3 33. Bxa3
Rd8 34. Nd4 f5 35. exf5 exf5 36. Qb3+ Qf7 37. Qxf7+ Kxf7 38. Bb4 Re8 39. Nb5
Nc4+ 40. Kd4 Rd8+ 41. Nd6+ Nxd6 42. cxd6 Bd7 43. Kc5 Bc6 44. Kb6 Rd7 45. Re1 g5
46. c4 g4 47. fxg4 fxg4 48. g3 Bf3 49. h4 Bc6 50. c5 Bf3 51. Bd2 Bc6 52. Bg5
Kg6 53. Re5 Rf7 54. Be7 Rf5 55. h5+ 1-0

[Event "InventiChess GM"]
[Site "Antwerp BEL"]
[Date "2008.08.25"]
[Round "3"]
[White "Van der Stricht, G."]
[Black "Timman, J."]
[Result "1/2-1/2"]
[WhiteElo "2426"]
[BlackElo "2562"]
[PlyCount "71"]
[EventDate "2008.08.23"]

1. d4 Nf6 2. c4 e6 3. Nc3 Bb4 4. e3 c5 5. Bd3 Nc6 6. Nf3 Bxc3+ 7. bxc3 d6 8.
O-O e5 9. Nd2 O-O 10. Rb1 b6 11. h3 Re8 12. Qf3 Bd7 13. Ne4 Nxe4 14. Bxe4 Rc8
15. Bd5 Qe7 16. Qg3 Na5 17. e4 Be6 18. dxe5 dxe5 19. f4 exf4 20. Bxf4 f6 21.
Bd6 Qf7 22. e5 f5 23. Qd3 Kh8 24. Rbd1 Nc6 25. Bxe6 Qxe6 26. Rxf5 Rcd8 27. Qf3
Na5 28. Rf7 Nxc4 29. Rxa7 Nxd6 30. exd6 Rxd6 31. Rxd6 Qxd6 32. Ra8 Qe7 33. Qc6
Qe3+ 34. Kh1 Qc1+ 35. Kh2 Qf4+ 36. Kh1 1/2-1/2

[Event "InventiChess GM"]
[Site "Antwerp BEL"]
[Date "2008.08.26"]
[Round "4"]
[White "Van der Stricht, G."]
[Black "Gyimesi, Z."]
[Result "0-1"]
[WhiteElo "2426"]
[BlackElo "2586"]
[PlyCount "78"]
[EventDate "2008.08.23"]

1. d4 Nf6 2. c4 e6 3. Nf3 d5 4. Nc3 c5 5. cxd5 Nxd5 6. e4 Nxc3 7. bxc3 cxd4 8.
cxd4 Bb4+ 9. Bd2 Bxd2+ 10. Qxd2 O-O 11. Bc4 Nd7 12. O-O b6 13. Rfe1 Bb7 14.
Rad1 Rc8 15. Bb3 Qf6 16. e5 Qg6 17. d5 Bxd5 18. Bxd5 exd5 19. Qxd5 Nc5 20. Nd4
Rc7 21. f4 Qh5 22. Nb5 Re7 23. Nd6 g6 24. Ne4 Nxe4 25. Qxe4 Rc8 26. Rd5 Qg4 27.
Rd6 Rce8 28. a4 Qc8 29. Qd4 Rc7 30. a5 Rc4 31. Qe3 bxa5 32. Red1 Qf5 33. g3 Rc2
34. Qd3 Qc8 35. Rd8 Qc5+ 36. Rd4 a4 37. Qe3 a3 38. Qb3 a2 39. Kf1 a1=Q 0-1

[Event "InventiChess GM"]
[Site "Antwerp BEL"]
[Date "2008.08.26"]
[Round "4"]
[White "Schebler, G."]
[Black "Lahno, Kateri"]
[Result "1-0"]
[WhiteElo "2453"]
[BlackElo "2507"]
[PlyCount "77"]
[EventDate "2008.08.23"]

1. Nf3 Nf6 2. g3 g6 3. b3 Bg7 4. Bb2 c5 5. Bg2 d5 6. c4 d4 7. b4 O-O 8. O-O
Nfd7 9. d3 e5 10. Nbd2 cxb4 11. a3 b3 12. a4 f5 13. a5 Nc6 14. Nxb3 Rb8 15. Ba3
Re8 16. Bd6 Ra8 17. a6 Ndb8 18. axb7 Bxb7 19. c5 Na6 20. Qc1 Ncb4 21. Rxa6 Bxa6
22. Qa3 e4 23. Qxb4 exf3 24. Bxf3 Qd7 25. Ra1 Qb5 26. Bd5+ Kh8 27. Qa5 Rad8 28.
Qxa6 Qb4 29. Qa5 Qc3 30. Qa2 Be5 31. Rc1 Qb4 32. Na5 Bxd6 33. Nc6 Qxc5 34. Rxc5
Bxc5 35. Nxd8 Rxd8 36. Bf3 Kg7 37. Qa5 Bb6 38. Qe5+ Kh6 39. h4 1-0

[Event "InventiChess GM"]
[Site "Antwerp BEL"]
[Date "2008.08.26"]
[Round "4"]
[White "Werle, J."]
[Black "Michiels, B."]
[Result "1-0"]
[WhiteElo "2591"]
[BlackElo "2442"]
[PlyCount "51"]
[EventDate "2008.08.23"]

1. d4 d5 2. c4 c6 3. Nc3 Nf6 4. Nf3 e6 5. e3 Nbd7 6. Bd3 Bd6 7. O-O O-O 8. Re1
h6 9. c5 Bc7 10. e4 dxe4 11. Nxe4 e5 12. Bxh6 gxh6 13. Qd2 Nxe4 14. Rxe4 Qf6
15. Rg4+ Kh8 16. Bg6 fxg6 17. Qxh6+ Kg8 18. Rxg6+ Qxg6 19. Qxg6+ Kh8 20. Ng5
Nf6 21. Nf7+ Rxf7 22. Qxf7 Nd5 23. Qf8+ Kh7 24. Re1 exd4 25. Qf7+ Kh6 26. Re8
1-0

[Event "InventiChess GM"]
[Site "Antwerp BEL"]
[Date "2008.08.27"]
[Round "5"]
[White "Michiels, B."]
[Black "Van der Stricht, G."]
[Result "1-0"]
[WhiteElo "2442"]
[BlackElo "2426"]
[PlyCount "75"]
[EventDate "2008.08.23"]

1. e4 c5 2. Nf3 d6 3. d4 cxd4 4. Nxd4 Nf6 5. Nc3 a6 6. Bc4 e6 7. O-O Be7 8. a4
O-O 9. Be3 Nc6 10. Bb3 Bd7 11. Qe2 Qa5 12. f4 Nxd4 13. Bxd4 Bc6 14. f5 e5 15.
Bf2 Rae8 16. Bh4 Nxe4 17. Bxe7 Nxc3 18. Qg4 Ne4 19. f6 g6 20. Qe2 Qb6+ 21. Kh1
d5 22. a5 Qc7 23. Bxf8 Rxf8 24. c4 d4 25. Bc2 Nc5 26. b4 Ne6 27. b5 axb5 28.
cxb5 Bd5 29. Be4 Bc4 30. Bd3 Bd5 31. Rfc1 Qd6 32. Be4 Nf4 33. Qf3 Bxe4 34. Qxe4
d3 35. a6 Qb6 36. a7 Ra8 37. Qxe5 Qf2 38. Qb8+ 1-0

[Event "InventiChess GM"]
[Site "Antwerp BEL"]
[Date "2008.08.27"]
[Round "5"]
[White "Vaganian, R."]
[Black "Schebler, G."]
[Result "1/2-1/2"]
[WhiteElo "2594"]
[BlackElo "2453"]
[PlyCount "82"]
[EventDate "2008.08.23"]

1. Nf3 c5 2. c4 g6 3. e4 Nc6 4. d4 cxd4 5. Nxd4 Nf6 6. Nc3 d6 7. Be2 Nxd4 8.
Qxd4 Bg7 9. Bg5 O-O 10. Qd2 a5 11. Rb1 a4 12. b4 Be6 13. f3 Rc8 14. Nd5 b5 15.
Bxf6 exf6 16. O-O bxc4 17. Rfc1 Bxd5 18. exd5 Qb6+ 19. Kf1 f5 20. Rxc4 Rxc4 21.
Bxc4 a3 22. g3 Rc8 23. Rc1 f4 24. Rc2 fxg3 25. hxg3 Rb8 26. Bb3 Be5 27. f4 Bb2
28. Rc4 Kg7 29. Bd1 Qb5 30. Be2 Qd7 31. Kg2 Rc8 32. Rc6 Rxc6 33. dxc6 Qxc6+ 34.
Bf3 Qb6 35. Bd5 Qd8 36. Qe3 Qf6 37. Qb3 Qf5 38. Qc4 Qf6 39. Qc7 Qf5 40. Qc4 Qf6
41. Qc7 Qf5 1/2-1/2

[Event "InventiChess GM"]
[Site "Antwerp BEL"]
[Date "2008.08.27"]
[Round "5"]
[White "Miroshnichenko, E."]
[Black "Werle, J."]
[Result "1-0"]
[WhiteElo "2593"]
[BlackElo "2591"]
[PlyCount "49"]
[EventDate "2008.08.23"]

1. d4 Nf6 2. c4 e6 3. Nf3 b6 4. g3 Ba6 5. Qc2 c5 6. d5 exd5 7. cxd5 Bb7 8. Bg2
Nxd5 9. O-O Be7 10. Rd1 Qc8 11. Nh4 Bxh4 12. Rxd5 Be7 13. Nc3 O-O 14. Rh5 g6
15. Nd5 Bxd5 16. Rxd5 Nc6 17. Bh6 Rd8 18. Rad1 Bf6 19. Rd6 Nd4 20. Qe4 Bh8 21.
Qxa8 Qxa8 22. Bxa8 Rxa8 23. Rxd7 Nxe2+ 24. Kg2 Nd4 25. b4 1-0

[Event "InventiChess GM"]
[Site "Antwerp BEL"]
[Date "2008.08.28"]
[Round "6"]
[White "Van der Stricht, G."]
[Black "Miroshnichenko, E."]
[Result "0-1"]
[WhiteElo "2426"]
[BlackElo "2593"]
[PlyCount "112"]
[EventDate "2008.08.23"]

1. d4 Nf6 2. c4 e6 3. Nc3 Bb4 4. e3 O-O 5. Bd3 d5 6. Nf3 c5 7. O-O dxc4 8. Bxc4
Nbd7 9. Qe2 cxd4 10. exd4 Nb6 11. Bd3 Nbd5 12. Bg5 h6 13. Bd2 Bd6 14. Ne4 b6
15. Ne5 Nxe4 16. Qxe4 f5 17. Qe2 Bb7 18. Rfe1 Rf6 19. Rac1 a5 20. Bb5 Kh7 21.
h4 Nb4 22. h5 Nxa2 23. Ra1 Nb4 24. Nd7 Bd5 25. Bxb4 Bxb4 26. Red1 Rf7 27. Ne5
Rc7 28. Bc4 Rac8 29. Bxd5 Qxd5 30. Qd3 Bd6 31. Qg3 Kg8 32. Qg6 Rf8 33. Re1 Re7
34. Rad1 a4 35. Rd3 Qb5 36. Rg3 Qb4 37. Rd1 Bxe5 38. dxe5 Qxb2 39. Qxh6 Qxe5
40. Qd2 f4 41. Rh3 b5 42. Qb4 Ref7 43. Re1 Qd5 44. h6 gxh6 45. Rxh6 Rg7 46. f3
Qg5 47. Rh2 Rc8 48. Qe4 Qf5 49. Qe2 a3 50. Qa2 Qc5+ 51. Kh1 Qe3 52. Qa1 Qc3 53.
Qd1 a2 54. Qe2 a1=Q 55. Qxe6+ Rf7 56. Qg4+ Kf8 0-1

[Event "InventiChess GM"]
[Site "Antwerp BEL"]
[Date "2008.08.28"]
[Round "6"]
[White "Bu Xiangzhi"]
[Black "Vaganian, R."]
[Result "1-0"]
[WhiteElo "2710"]
[BlackElo "2594"]
[PlyCount "69"]
[EventDate "2008.08.23"]

1. d4 d5 2. c4 e6 3. Nc3 Be7 4. Nf3 Nf6 5. Bg5 h6 6. Bxf6 Bxf6 7. Qb3 c6 8. e3
O-O 9. Be2 Nd7 10. O-O Rb8 11. a4 Qe7 12. Rfd1 g6 13. Qc2 Bg7 14. a5 a6 15. Na4
f5 16. b4 g5 17. b5 c5 18. cxd5 exd5 19. Nc3 Nf6 20. dxc5 Qxc5 21. Rac1 axb5
22. Qb3 Qe7 23. Nxd5 Nxd5 24. Qxd5+ Kh8 25. Qxb5 Ra8 26. Rc5 Qf6 27. Rcd5 Ra6
28. Qb4 Re6 29. Nd4 Re5 30. Rd6 Qe7 31. a6 f4 32. a7 Be6 33. Nxe6 Rxe6 34. Qb6
Ref6 35. Qd8 1-0

[Event "InventiChess GM"]
[Site "Antwerp BEL"]
[Date "2008.08.28"]
[Round "6"]
[White "Gyimesi, Z."]
[Black "Michiels, B."]
[Result "1-0"]
[WhiteElo "2586"]
[BlackElo "2442"]
[PlyCount "107"]
[EventDate "2008.08.23"]

1. d4 d5 2. c4 c6 3. Nf3 Nf6 4. Nc3 e6 5. Qd3 Nbd7 6. e4 dxe4 7. Nxe4 c5 8.
Nxf6+ Nxf6 9. Be3 b6 10. Qb3 Qc7 11. g3 Bb7 12. Bg2 cxd4 13. Bxd4 Bc5 14. Bxf6
gxf6 15. Rd1 O-O 16. O-O Rfd8 17. Nh4 Bxg2 18. Kxg2 Rxd1 19. Rxd1 Rd8 20. Nf3
f5 21. Rxd8+ Qxd8 22. Qc3 Qa8 23. Qd3 Qe4 24. Qxe4 fxe4 25. Ng5 e3 26. f4 f6
27. Nf3 e2 28. Ne1 e5 29. Kf3 e4+ 30. Kxe2 f5 31. Nc2 Kf7 32. b4 Bf8 33. Ke3 a5
34. a3 h5 35. Nd4 axb4 36. axb4 Kf6 37. Nc6 Ke6 38. Nd4+ Kf6 39. Nc6 Ke6 40. h3
Bd6 41. Nd4+ Kf6 42. Nc2 Ke6 43. Ke2 Bf8 44. Kf2 Bd6 45. Ke3 Bf8 46. g4 fxg4
47. hxg4 hxg4 48. Kxe4 Bd6 49. b5 g3 50. Ne3 Bb4 51. Kf3 Be1 52. Nd5 Kd6 53.
Nxb6 Kc5 54. Nd7+ 1-0

[Event "InventiChess GM"]
[Site "Antwerp BEL"]
[Date "2008.08.28"]
[Round "6"]
[White "Timman, J."]
[Black "Schebler, G."]
[Result "1/2-1/2"]
[WhiteElo "2562"]
[BlackElo "2453"]
[PlyCount "91"]
[EventDate "2008.08.23"]

1. d4 Nf6 2. c4 e6 3. Nf3 Bb4+ 4. Bd2 Bxd2+ 5. Qxd2 d5 6. g3 O-O 7. Bg2 Nbd7 8.
O-O dxc4 9. Na3 e5 10. dxe5 Nxe5 11. Qxd8 Nxf3+ 12. Bxf3 Rxd8 13. Rfd1 Be6 14.
Bxb7 Rab8 15. Ba6 Rd6 16. Bxc4 Rxb2 17. Bd3 Kf8 18. Rdc1 Rxa2 19. Rxa2 Bxa2 20.
Rxc7 Rd7 21. Rc5 Bd5 22. Bb5 Rd8 23. f3 h5 24. Kf2 g6 25. Ba4 a6 26. Nc2 Rb8
27. Ne3 Be6 28. Rc6 Ra8 29. Rc7 Nd5 30. Nxd5 Bxd5 31. h4 Rb8 32. e4 Bb3 33. Bc6
Be6 34. Ra7 Rb6 35. Ba8 Kg7 36. Ke3 Rb3+ 37. Kf4 Ra3 38. Bd5 Bxd5 39. exd5 Kf6
40. d6 Ra4+ 41. Ke3 Ra1 42. d7 Rd1 43. Rxa6+ Ke7 44. Ra7 Rxd7 45. Rxd7+ Kxd7
46. Kf4 1/2-1/2

[Event "InventiChess GM"]
[Site "Antwerp BEL"]
[Date "2008.08.29"]
[Round "7"]
[White "Lahno, Kateri"]
[Black "Van der Stricht, G."]
[Result "1-0"]
[WhiteElo "2507"]
[BlackElo "2426"]
[PlyCount "89"]
[EventDate "2008.08.23"]

1. e4 c5 2. Nf3 d6 3. d4 cxd4 4. Nxd4 Nf6 5. Nc3 a6 6. Be2 e5 7. Nb3 Be7 8. O-O
O-O 9. Re1 Be6 10. Bf3 Nbd7 11. a4 Nb6 12. Nd2 Rc8 13. Nf1 Nc4 14. b3 Qa5 15.
Na2 Nb6 16. c4 Nbd7 17. Bd2 Qc7 18. Nc3 Nc5 19. Qc2 Qd8 20. Ne3 Ne8 21. Ncd5
Bg5 22. Bc3 a5 23. Bb2 Bxe3 24. Nxe3 Qb6 25. Ra3 Nc7 26. Bc3 N7a6 27. Qd2 Nb4
28. Rb1 Ra8 29. Raa1 Nc6 30. h4 Qd8 31. g3 Qf6 32. Bg2 Rfd8 33. f4 Nd4 34. f5
Ndxb3 35. Qd1 Nxa1 36. Rxa1 Bd7 37. Nd5 Qh6 38. Bd2 Qxd2 39. Qxd2 Nb3 40. Qb2
Nxa1 41. Qxa1 Bc6 42. f6 Bxd5 43. exd5 Rac8 44. Qf1 Rc5 45. Qf5 1-0

[Event "InventiChess GM"]
[Site "Antwerp BEL"]
[Date "2008.08.29"]
[Round "7"]
[White "Michiels, B."]
[Black "Timman, J."]
[Result "1/2-1/2"]
[WhiteElo "2442"]
[BlackElo "2562"]
[PlyCount "137"]
[EventDate "2008.08.23"]

1. e4 e5 2. Bc4 Nf6 3. d3 c6 4. Nf3 Be7 5. O-O d6 6. c3 O-O 7. Bb3 Bg4 8. h3
Bh5 9. Re1 Nbd7 10. Nbd2 Nc5 11. Bc2 Ne6 12. Nf1 Nd7 13. Ng3 Bxf3 14. Qxf3 Bg5
15. Nf5 Bxc1 16. Raxc1 Qf6 17. Nxd6 Qxf3 18. gxf3 b6 19. Rcd1 Rad8 20. d4 exd4
21. cxd4 c5 22. dxc5 Ne5 23. Re3 bxc5 24. Rd5 Ng6 25. Nc4 Ngf4 26. Rxd8 Rxd8
27. Kh2 Nd4 28. Bb3 Kf8 29. h4 h6 30. Kg3 Nde2+ 31. Kh2 Nd4 32. Kg3 Nde2+ 33.
Kh2 g5 34. e5 Rd4 35. hxg5 hxg5 36. Nd6 Rd2 37. Nxf7 Nd4 38. Nxg5 Nf5 39. Ne4
Rd7 40. Nf6 Rd2 41. Ne4 Rd7 42. Nxc5 Rh7+ 43. Kg1 Rg7+ 44. Kf1 Rh7 45. Kg1 Rg7+
46. Kf1 Rh7 47. Ne6+ Nxe6 48. Bxe6 Nxe3+ 49. fxe3 Re7 50. Bc4 Rxe5 51. Kf2 Ke7
52. f4 Rh5 53. Kg3 Rh1 54. e4 Re1 55. e5 Re3+ 56. Kg4 Re4 57. b3 Re3 58. Ba6
Ke6 59. Bc8+ Ke7 60. Ba6 Ke6 61. Bc4+ Ke7 62. Kf5 a5 63. a3 Re1 64. Kg4 Re3 65.
Kf5 Re1 66. Kg4 Re3 67. Kg5 Rg3+ 68. Kh4 Rf3 69. Kg4 1/2-1/2

[Event "InventiChess GM"]
[Site "Antwerp BEL"]
[Date "2008.08.29"]
[Round "7"]
[White "Vaganian, R."]
[Black "Werle, J."]
[Result "1-0"]
[WhiteElo "2594"]
[BlackElo "2591"]
[PlyCount "101"]
[EventDate "2008.08.23"]

1. d4 Nf6 2. c4 e6 3. g3 d5 4. Nf3 Be7 5. Bg2 O-O 6. O-O dxc4 7. Qc2 a6 8. Bg5
b5 9. Bxf6 Bxf6 10. Ng5 Bxg5 11. Bxa8 Qxd4 12. Bg2 Qb6 13. Nc3 Nc6 14. Rfd1 Nd4
15. Qb1 f5 16. Kh1 Bb7 17. f4 Bxg2+ 18. Kxg2 Bf6 19. Re1 b4 20. Nd1 Qc6+ 21.
Kf2 e5 22. Qc1 exf4 23. Qxf4 g5 24. Qd2 f4 25. g4 Ne6 26. Kg1 Bd4+ 27. Nf2 Qc5
28. Rf1 Be3 29. Qd7 Nd4 30. Kh1 Qe5 31. Rad1 c3 32. bxc3 bxc3 33. Kg2 c5 34.
Rb1 Rf7 35. Qc8+ Kg7 36. Rb8 Qd5+ 37. Kh3 Ne6 38. Nd1 Bd4 39. Nxc3 Bxc3 40.
Qh8+ Kh6 41. Qxc3 Nd4 42. Re8 Kg7 43. Qd3 h5 44. Qe4 hxg4+ 45. Kxg4 Qd7+ 46.
Kxg5 Rf5+ 47. Kh4 Kf7 48. Rg1 Qd6 49. Re7+ Kf6 50. Rg6+ Kxg6 51. Qg2+ 1-0

[Event "InventiChess GM"]
[Site "Antwerp BEL"]
[Date "2008.08.29"]
[Round "7"]
[White "Miroshnichenko, E."]
[Black "Gyimesi, Z."]
[Result "1/2-1/2"]
[WhiteElo "2593"]
[BlackElo "2586"]
[PlyCount "57"]
[EventDate "2008.08.23"]

1. d4 Nf6 2. c4 e6 3. Nf3 d5 4. g3 Bb4+ 5. Bd2 Be7 6. Bg2 O-O 7. O-O c6 8. Qc2
b6 9. Rd1 Nbd7 10. b3 Ba6 11. a4 Rc8 12. Na3 Bxa3 13. Rxa3 c5 14. dxc5 Nxc5 15.
a5 Bb7 16. axb6 axb6 17. Bb4 Qe7 18. Ra7 Ra8 19. Rda1 dxc4 20. bxc4 Be4 21. Qa2
Rxa7 22. Qxa7 Qxa7 23. Rxa7 Ra8 24. Rxa8+ Bxa8 25. Nd2 Bxg2 26. Kxg2 Kf8 27. f4
Nfd7 28. e4 f6 29. Kf3 1/2-1/2

[Event "InventiChess GM"]
[Site "Antwerp BEL"]
[Date "2008.08.30"]
[Round "8"]
[White "Gyimesi, Z."]
[Black "Lahno, Kateri"]
[Result "1/2-1/2"]
[WhiteElo "2586"]
[BlackElo "2507"]
[PlyCount "50"]
[EventDate "2008.08.23"]

1. d4 Nf6 2. c4 g6 3. Nc3 d5 4. Nf3 Bg7 5. Qb3 dxc4 6. Qxc4 O-O 7. e4 a6 8. Be2
b5 9. Qb3 Nc6 10. e5 Be6 11. exf6 Bxb3 12. fxg7 Kxg7 13. axb3 Nxd4 14. Nxd4
Qxd4 15. O-O Qb4 16. Bf3 Qxb3 17. Ne4 Rfd8 18. Bd2 b4 19. Rfb1 Rab8 20. Be3 Qc2
21. Nc5 Rb5 22. Be4 Qe2 23. Bf3 Qc2 24. Be4 Qe2 25. Bf3 Qc2 1/2-1/2

[Event "InventiChess GM"]
[Site "Antwerp BEL"]
[Date "2008.08.30"]
[Round "8"]
[White "Van der Stricht, G."]
[Black "Vaganian, R."]
[Result "1/2-1/2"]
[WhiteElo "2426"]
[BlackElo "2594"]
[PlyCount "88"]
[EventDate "2008.08.23"]

1. d4 d5 2. c4 e6 3. Nc3 Be7 4. Nf3 Nf6 5. Bg5 h6 6. Bxf6 Bxf6 7. Qc2 c5 8.
dxc5 dxc4 9. e4 Nd7 10. Bxc4 Qa5 11. c6 bxc6 12. O-O O-O 13. Rad1 Nb6 14. Bb3
Bb7 15. e5 Bxe5 16. Ne4 Bc7 17. Nc5 Ba6 18. Nxa6 Qxa6 19. Qxc6 Rac8 20. Qe4
Rfe8 21. g3 Bd8 22. Ne5 Bf6 23. Rfe1 Nd5 24. Nd7 Red8 25. Rxd5 exd5 26. Qxd5
Bxb2 27. Qxf7+ Kh8 28. Qf5 Qc6 29. Re7 Qd6 30. Qf7 a5 31. Kg2 Bf6 32. Nxf6 Qxf6
33. Qxf6 gxf6 34. Kh3 Rc5 35. f4 Rd2 36. Rf7 f5 37. Ra7 Re2 38. Ra8+ Kg7 39.
Ra7+ Kf6 40. Ra6+ Kg7 41. Ra7+ Kf8 42. Rf7+ Ke8 43. Rh7 Kf8 44. Rf7+ Ke8
1/2-1/2

[Event "InventiChess GM"]
[Site "Antwerp BEL"]
[Date "2008.08.30"]
[Round "8"]
[White "Timman, J."]
[Black "Bu Xiangzhi"]
[Result "1/2-1/2"]
[WhiteElo "2562"]
[BlackElo "2710"]
[PlyCount "47"]
[EventDate "2008.08.23"]

1. d4 d5 2. c4 c6 3. Nc3 Nf6 4. e3 g6 5. Nf3 Bg7 6. Be2 O-O 7. O-O a6 8. Bd2
dxc4 9. Bxc4 Bg4 10. h3 Bxf3 11. Qxf3 Nbd7 12. Rfd1 e5 13. Bb3 Qe7 14. dxe5
Nxe5 15. Qe2 Ned7 16. Be1 Rad8 17. Bc2 Nb6 18. Rac1 Rxd1 19. Rxd1 Rd8 20. Bb3
Rxd1 21. Qxd1 Nfd5 22. Qd3 Nxc3 23. Bxc3 Bxc3 24. Qxc3 1/2-1/2